Teoretické aspekty retail bankingu v podmienkach Európskej únie

Definovanie teoretických prístupov k problematike retail bankingu v odbornej literatúre. Prezentácia cieľov a nástrojov v oblasti retail bankingu v podmienkach Európskej únie a SR. Základné smery rozvoja retailového bankovníctva v európskom priestore.

Gespeichert in:
Bibliographische Detailangaben
1. Verfasser: Belás, Jaroslav
Format: Buchkapitel
Sprache:Slowakisch
Schlagworte:
Tags: Tag hinzufügen
Keine Tags, Fügen Sie das erste Tag hinzu!

MARC

LEADER 00000naa$a2200000$$$4500
001 0036599
005 20230918084938.4
041 0 |a slo 
044 |a SK 
245 1 0 |a Teoretické aspekty retail bankingu v podmienkach Európskej únie  |c Jaroslav Belás 
520 |a Definovanie teoretických prístupov k problematike retail bankingu v odbornej literatúre. Prezentácia cieľov a nástrojov v oblasti retail bankingu v podmienkach Európskej únie a SR. Základné smery rozvoja retailového bankovníctva v európskom priestore. 
610 2 0 |a bankovníctvo retailové 
610 2 0 |a banky obchodné 
610 2 0 |a terminológia 
610 2 0 |a podnikanie 
610 2 0 |a podnik malý 
610 2 0 |a podnik stredný 
610 2 0 |a služby bankové 
610 2 0 |a Slovensko 
610 2 0 |a Európska únia 
100 1 |a Belás, Jaroslav